[Event "Trieste Excelsior Palace op 1st"]
[Site "Trieste"]
[Date "2017.01.03"]
[Round "3"]
[White "Giordani, Roberto"]
[Black "Savoia, Serge"]
[Result "0-1"]
[WhiteElo "1856"]
[BlackElo "1774"]
[PlyCount "108"]
[EventDate "2017.01.02"]
[EventType "swiss"]
[EventRounds "7"]
[EventCountry "ITA"]
[SourceTitle "CBM 176 Extra"]
[Source "ChessBase"]
[SourceDate "2017.03.02"]
[SourceVersion "1"]
[SourceVersionDate "2017.03.02"]
[SourceQuality "1"]

1. e4 c5 2. Nc3 d6 3. f4 a6 4. a4 b6 5. Nf3 Bb7 6. Bc4 e6 7. 0-0 Nf6 8. d3 d5 9. exd5 exd5 10. Re1+ Be7 11. Bb3 0-0 12. Ne5 h5 13. Ne2 Nbd7 14. Ng3 g6 15. c3 Re8 16. d4 h4 17. Nf1 Nxe5 18. fxe5 Ne4 19. Qg4 Bc8 20. Qf3 Be6 21. Ne3 Ng5 22. Qe2 Qd7 23. Bd2 Kg7 24. Rf1 h3 25. g3 Ne4 26. Rae1 cxd4 27. cxd4 a5 28. Bc1 Rac8 29. Qf3 Rxc1 30. Rxc1 Nd2 31. Qd1 Nxf1 32. Qxf1 Bg5 33. Rc3 Rf8 34. Qf3 f6 35. Nxd5 fxe5 36. Qe4 exd4 37. Rc7 Be3+ 38. Nxe3 Qxc7 39. Qxd4+ Kf7 40. Bxe6+ Kxe6 41. Qg4+ Kf7 42. Qxh3 Qc1+ 43. Nf1 Kg7 44. Qd7+ Rf7 45. Qd4+ Rf6 46. Qd7+ Kh6 47. Qh3+ Kg5 48. Qh4+ Kf5 49. Qd4 Qc5 50. Ne3+ Ke6 51. Qe4+ Kd6 52. Qd3+ Ke7 53. Kg2 Qc6+ 54. Kh3 Qd7+ 0-1